| 000 | 00687cab a2200205 4500 | ||
|---|---|---|---|
| 001 | ABS41561 | ||
| 008 | 090401t1989 xxu||||| |||| 00| 0 eng d | ||
| 035 | _a(Sirsi) u30922 | ||
| 041 | _aeng | ||
| 100 | _aAldridge, T. | ||
| 245 | _aConsent to assignment and underletting - plus ca change | ||
| 260 | _c1989 | ||
| 350 | _a0 | ||
| 490 |
_aSolicitors` Journal _v133(41) 13 October 1989, 1277-1278(2) |
||
| 520 | _aExamines in what circumstances a landlord can withhold consent to a tenants request to assign or underlet with the introduction of Landlord and Tenant Act 1988 . | ||
| 650 | _aASSIGNMENT | ||
| 690 |
_aLandlord and tenant _96252 |
||
| 942 | _n0 | ||
| 948 | _c04/03/1997 | ||
| 999 |
_c20815 _d20815 |
||